书目信息 |
| 题名: |
网球技巧图解
|
|
| 作者: | 丸山薰 著 ;修翠华 译 | |
| 分册: | ||
| 出版信息: | 北京 北京体育大学出版社 2001 |
|
| 页数: | 223页 | |
| 开本: | 20cm | |
| 丛书名: | ||
| 单 册: | ||
| 中图分类: | G845.19 | |
| 科图分类: | ||
| 主题词: | 网球运动--图解 , 网球运动 | |
| 电子资源: | ||
| ISBN: | 7-81051-416-4 | |
| 000 | 00800nam0 2200241 45 | |
| 001 | 010020011758 | |
| 005 | 20061112081332.17 | |
| 010 | @a7-81051-416-4@dCNY19.00 | |
| 100 | @a20020313d2001 em y0chiy0110 ea | |
| 101 | 1 | @achi@cjpn |
| 102 | @aCN@b110000 | |
| 105 | @aa z 000yy | |
| 200 | 1 | @a网球技巧图解@9wang qiu ji qiao tu jie@f(日)丸山薰著@g修翠华等译 |
| 210 | @a北京@c北京体育大学出版社@d2001 | |
| 215 | @a223页@c图@d20cm | |
| 330 | @a本书提供了形式多样的网球技术,还以连续图的方式精解网球明星的成名绝技。内容包括基本篇、战略篇、竞技状态和日程管理篇;身体训练篇等。 | |
| 606 | 0 | @a网球运动@j图解 |
| 606 | 0 | @a网球运动 |
| 690 | @aG845.19@v4 | |
| 701 | 0 | @a丸山薰@9wan shan xun@4著 |
| 702 | 0 | @a修翠华@9xiu cui hua@4译 |
| 801 | 0 | @aCN@bRENTIAN@c20061112 |
| 905 | @a10447@dG845.19@e247 | |
| 网球技巧图解/(日)丸山薰著/修翠华等译.-北京:北京体育大学出版社,2001 |
| 223页:图;20cm |
| ISBN 7-81051-416-4:CNY19.00 |
| 本书提供了形式多样的网球技术,还以连续图的方式精解网球明星的成名绝技。内容包括基本篇、战略篇、竞技状态和日程管理篇;身体训练篇等。 |
| ● |
| 相关链接 |
|
|
|
|
正题名:网球技巧图解
索取号:G845.19/247
 
预约/预借
| 序号 | 登录号 | 条形码 | 馆藏地/架位号 | 状态 | 备注 |
| 1 | 0383439 | 203834397 | 第一样本阅览室/ [索取号:G845.19/247] | 在馆 | |
| 2 | 0383440 | 203834404 | 第四借阅区/ [索取号:G845.19/247] | 在馆 | |
| 3 | 0383441 | 203834413 | 第四借阅区/ [索取号:G845.19/247] | 在馆 | |
| 4 | 0383442 | 203834422 | 第四借阅区/ [索取号:G845.19/247] | 在馆 | |
| 5 | 0383443 | 203834431 | 第四借阅区/ [索取号:G845.19/247] | 在馆 |